| 000 | 00000nam##2200000za#4500 |
| 001 | 9.642432 |
| 003 | CaOODSP |
| 005 | 20210624223710 |
| 007 | cr ||||||||||| |
| 008 | 150407|2014||||xxc|||||o f|0| 0 fre|d |
| 020 | |a978-0-660-21250-0 |
| 040 | |aCaOODSP|bfre |
| 043 | |an-cn--- |
| 086 | 1 |aEn84-3/2013F-PDF |
| 110 | 1 |aCanada. |bEnvironnement Canada. |
| 245 | 10|aRapport sur la caractérisation du bassin atmosphérique de Georgia Basin-Puget Sound, 2014 / |h[ressource électronique] |
| 260 | |aOttawa - Ontario : |bEnvironnement Canada |c2014. |
| 300 | |a354p.|bfigures en couleur, références, tableaux |
| 500 | |a«Le Rapport sur la caractérisation du bassin atmosphérique de Georgia Basin-Puget Sound, 2014, est une mise à jour du rapport de 2004. Il porte le même nom et représente une synthèse des travaux effectués sur la qualité de l'air dans la région depuis lors.»--Résumé. |
| 590 | |a15-08|b2015-02-20 |
| 691 | 07|aQualité de l'air|2gcpds |
| 775 | 08|tThe Georgia Basin - Puget Sound airshed characterization report, 2014 / |w(CaOODSP)9.698425 |
| 856 | 40|ahttp://publications.gc.ca|qPDF|s17.22 Mo|uhttps://publications.gc.ca/collections/collection_2015/ec/En84-3-2013-fra.pdf |